000 00456nam a2200181Ia 4500
001 17465
005 20260306171519.0
008 260306s9999||||xx |||||||||||||| ||und||
041 _aESP
082 _a658
_bH37 2017
100 _aHellriegel, Don
_eAUT
245 0 _aAdministración:
_bun enfoque basado en competencias
260 _c2017
300 _avarias paginaciones : :
_c27 cm.
650 _aGEN
654 _aCAN
942 _cLIB
_dJUS
_fJUS
_2ddc
_n
999 _c17465
_d17465